000 01208nam a2200313Ia 4500
001 ebr10085638
003 CaPaEBR
006 m u
007 cr cn|||||||||
008 000815s2005 enk s 000 0 eng d
020 _z1845441419
040 _aCaPaEBR
_cCaPaEBR
035 _a(OCoLC)133160063
050 1 4 _aTK5105.88815
_b.S46 2005eb
245 0 4 _aThe semantic web
_h[electronic resource] /
_cguest editors: Miltiadis Lytas, Miguel-Angel Sicilia, John Davies and Vipul Kashyap.
260 _aBradford, England :
_bEmerald Group Publishing,
_cc2005.
300 _a131 p.
490 0 _aLibrary management ;
_vv. 26, no. 4/5
533 _aElectronic reproduction.
_bPalo Alto, Calif. :
_cebrary,
_d2009.
_nAvailable via World Wide Web.
_nAccess may be limited to ebrary affiliated libraries.
650 0 _aLibrary science.
650 0 _aWorld Wide Web.
655 7 _aElectronic books.
_2local
700 1 _aDavies, John.
700 1 _aKashyap, Vipul.
700 1 _aMiltiadis, Lytas.
700 1 _aSicilia, Miguel-Angel.
710 2 _aebrary, Inc.
856 4 0 _uhttp://site.ebrary.com/lib/rucke/Doc?id=10085638
_zAn electronic book accessible through the World Wide Web; click to view
999 _c49752
_d49752